[Event "HUN-chT2 Charousek 0708"]
[Site "Hungary"]
[Date "2007.10.14"]
[Round "1"]
[White "Egedi, Istvan"]
[Black "Palkovi, Jozsef"]
[Result "1/2-1/2"]
[WhiteElo "2333"]
[BlackElo "2424"]
[PlyCount "120"]
[EventDate "2007.10.14"]
[EventType "team-tourn"]
[EventRounds "11"]
[EventCountry "HUN"]
[SourceTitle "EXT 2009"]
[Source "ChessBase"]
[SourceDate "2008.11.26"]
[SourceVersion "1"]
[SourceVersionDate "2008.11.26"]
[SourceQuality "1"]
[WhiteTeam "Dunaharaszti"]
[BlackTeam "Taban Spartacus"]
[WhiteTeamCountry "HUN"]
[BlackTeamCountry "HUN"]

1. e4 c5 2. Nc3 Nc6 3. g3 g6 4. Bg2 Bg7 5. d3 e6 6. Nh3 Nge7 7. Nf4 Rb8 8. a4 a6 9. h4 h5 10. 0-0 b5 11. axb5 axb5 12. Re1 0-0 13. Be3 d6 14. Nh3 b4 15. Na4 e5 16. c3 Bg4 17. f3 Bd7 18. f4 Bg4 19. Qd2 Na5 20. Qc2 bxc3 21. bxc3 c4 22. Nf2 cxd3 23. Qxd3 Be6 24. Nb6 Nb3 25. Ra6 Nc5 26. Bxc5 dxc5 27. Nd5 Nxd5 28. exd5 Bf5 29. Be4 Bc8 30. Rc6 exf4 31. Rxc5 Rb2 32. Qf3 Bg4 33. Qxf4 Re8 34. Rc7 Bf5 35. Nd3 Rxe4 36. Rxe4 Rb1+ 37. Re1 Rxe1+ 38. Nxe1 Qxd5 39. Qc4 Qxc4 40. Rxc4 Be6 41. Rc5 Kf8 42. Nf3 Ke7 43. Nd4 Bd7 44. Kf2 Kd6 45. Ra5 Be5 46. Ra7 f6 47. Ra8 g5 48. Rh8 gxh4 49. gxh4 Bg4 50. Ne2 f5 51. Rh6+ Ke7 52. Ke3 Bf6 53. Nf4 Kf7 54. Nxh5 Bxc3 55. Nf4 Kg7 56. Rc6 Be1 57. Rc7+ Kh6 58. Rc1 Bxh4 59. Rh1 Kg5 60. Ne6+ Kf6 1/2-1/2

[Event "HUN-chT2 Maroczy 0607"]
[Site "Hungary"]
[Date "2007.05.06"]
[Round "10"]
[White "Bali, Janos"]
[Black "Egedi, Istvan"]
[Result "0-1"]
[WhiteElo "2281"]
[BlackElo "2321"]
[PlyCount "60"]
[EventDate "2006.11.12"]
[EventType "team-tourn"]
[EventRounds "11"]
[EventCountry "HUN"]
[SourceTitle "EXT 2008"]
[Source "ChessBase"]
[SourceDate "2007.11.25"]
[SourceVersion "1"]
[SourceVersionDate "2007.11.25"]
[SourceQuality "1"]
[WhiteTeam "Fuzesabony"]
[BlackTeam "Dunaharaszti"]
[WhiteTeamCountry "HUN"]
[BlackTeamCountry "HUN"]

1. d4 Nf6 2. Nf3 e6 3. c4 Bb4+ 4. Bd2 a5 5. a3 Bxd2+ 6. Qxd2 0-0 7. Nc3 d6 8. e4 Nc6 9. Bd3 e5 10. d5 Ne7 11. 0-0 Ng6 12. g3 h6 13. b4 Bh3 14. Rfc1 Nh7 15. Kh1 Bd7 16. c5 f5 17. exf5 Bxf5 18. Ne4 Nf6 19. Qe1 axb4 20. axb4 Rxa1 21. Rxa1 dxc5 22. Rc1 Kh8 23. Rxc5 b6 24. Rc4 Qxd5 25. Qe2 Bg4 26. h3 Nxe4 27. hxg4 Nxf2+ 28. Qxf2 Qxd3 29. Nxe5 Qd5+ 30. Qg2 Qxe5 0-1

[Event "HUN-chT2 Maroczy 0607"]
[Site "Hungary"]
[Date "2007.02.18"]
[Round "5"]
[White "Egedi, Istvan"]
[Black "Gara, Gyorgy"]
[Result "1/2-1/2"]
[WhiteElo "2321"]
[BlackElo "2130"]
[PlyCount "56"]
[EventDate "2006.11.12"]
[EventType "team-tourn"]
[EventRounds "11"]
[EventCountry "HUN"]
[SourceTitle "EXT 2008"]
[Source "ChessBase"]
[SourceDate "2007.11.25"]
[SourceVersion "1"]
[SourceVersionDate "2007.11.25"]
[SourceQuality "1"]
[WhiteTeam "Dunaharaszti"]
[BlackTeam "Matra"]
[WhiteTeamCountry "HUN"]
[BlackTeamCountry "HUN"]

1. e4 e6 2. d4 d5 3. Nd2 Nf6 4. e5 Nfd7 5. c3 c5 6. f4 cxd4 7. cxd4 Nc6 8. Ndf3 Nb6 9. Bd3 a5 10. Ne2 a4 11. 0-0 g6 12. Nc3 Bd7 13. Nb5 Nb4 14. f5 Nxd3 15. Bg5 Qb8 16. Qxd3 Nc4 17. Nc3 gxf5 18. b3 Nb6 19. Rac1 Ra5 20. Bd2 axb3 21. axb3 Be7 22. Ng5 Qd8 23. Nh3 Bc6 24. Qe3 Kd7 25. Ne4 Ra3 26. Neg5 Qg8 27. Rc3 h6 28. Nf3 Qf8 1/2-1/2

[Event "HUN-chT2 Maroczy 0607"]
[Site "Hungary"]
[Date "2006.12.03"]
[Round "3"]
[White "Egedi, Istvan"]
[Black "Kevei, Peter"]
[Result "1/2-1/2"]
[WhiteElo "2321"]
[BlackElo "2162"]
[PlyCount "114"]
[EventDate "2006.11.12"]
[EventType "team-tourn"]
[EventRounds "11"]
[EventCountry "HUN"]
[SourceTitle "EXT 2008"]
[Source "ChessBase"]
[SourceDate "2007.11.25"]
[SourceVersion "1"]
[SourceVersionDate "2007.11.25"]
[SourceQuality "1"]
[WhiteTeam "Dunaharaszti"]
[BlackTeam "Maroczy"]
[WhiteTeamCountry "HUN"]
[BlackTeamCountry "HUN"]

1. e4 c5 2. Nc3 Nc6 3. g3 g6 4. Bg2 Bg7 5. d3 e6 6. f4 Nge7 7. Nf3 d6 8. 0-0 0-0 9. g4 f5 10. gxf5 exf5 11. Kh1 Rb8 12. Bd2 b5 13. Rb1 b4 14. Nd5 Nxd5 15. exd5 Ne7 16. c4 bxc3 17. bxc3 Bd7 18. c4 Rxb1 19. Qxb1 Qb6 20. Qe1 Re8 21. Qh4 Qb2 22. Re1 Bf6 23. Qf2 Qxa2 24. Kg1 a5 25. Ne5 dxe5 26. fxe5 Bh4 27. Qxh4 Qxd2 28. d6 g5 29. Qg3 Ng6 30. Bd5+ Kg7 31. e6 Kf6 32. Kf1 Bxe6 33. d7 Bxd7 34. Qd6+ Be6 35. Rxe6+ Rxe6 36. Qxe6+ Kg7 37. Qd7+ Kh6 38. Bg8 Qd1+ 39. Kf2 Qd2+ 40. Kf1 Qf4+ 41. Ke1 Qe5+ 42. Kd1 Qg7 43. Bf7 Qf6 44. Bg8 Ne7 45. Bd5 Qe5 46. Be6 Qf6 47. Bd5 Ng6 48. Qc8 Nf4 49. Kc2 Qa1 50. Qf8+ Kh5 51. Qxf5 Qa2+ 52. Kc1 Qa1+ 53. Kc2 Qa2+ 54. Kc1 Ne2+ 55. Kd1 Nc3+ 56. Kc1 Ne2+ 57. Kd1 Nc3+ 1/2-1/2

[Event "HUN-chT2 Maroczy 0607"]
[Site "Hungary"]
[Date "2006.11.12"]
[Round "1"]
[White "Egedi, Istvan"]
[Black "Braun, Marton"]
[Result "1-0"]
[WhiteElo "2321"]
[BlackElo "2300"]
[PlyCount "134"]
[EventDate "2006.11.12"]
[EventType "team-tourn"]
[EventRounds "11"]
[EventCountry "HUN"]
[SourceTitle "EXT 2008"]
[Source "ChessBase"]
[SourceDate "2007.11.25"]
[SourceVersion "1"]
[SourceVersionDate "2007.11.25"]
[SourceQuality "1"]
[WhiteTeam "Dunaharaszti"]
[BlackTeam "Sarospatak"]
[WhiteTeamCountry "HUN"]
[BlackTeamCountry "HUN"]

1. e4 Nf6 2. e5 Nd5 3. d4 d6 4. c4 Nb6 5. exd6 cxd6 6. Nf3 Bg4 7. Be2 e6 8. Nc3 Be7 9. 0-0 0-0 10. b3 d5 11. c5 N6d7 12. Be3 Bf6 13. Rc1 a6 14. b4 Nc6 15. a3 Bxf3 16. Bxf3 Bg5 17. Qd2 Bxe3 18. fxe3 Qg5 19. Ne2 Qh6 20. a4 f5 21. g3 g5 22. Qc3 a5 23. bxa5 Nxa5 24. Rb1 Ra7 25. Bg2 Nc4 26. Rb4 Nf6 27. h3 g4 28. Nf4 gxh3 29. Bf3 Ng4 30. Nxd5 Ncxe3 31. Nxe3 Nxe3 32. Re1 Nd5 33. Bxd5 exd5 34. Qf3 Qc6 35. Rb6 Qxa4 36. Qxd5+ Kh8 37. Rbe6 Qa2 38. Qxa2 Rxa2 39. Re8 Kg8 40. d5 Rxe8 41. Rxe8+ Kf7 42. Rb8 Rb2 43. Kh1 Ke7 44. d6+ Kd7 45. Rh8 Kc6 46. Rc8+ Kd7 47. Rc7+ Kd8 48. Rf7 Rc2 49. Rxf5 Kd7 50. Rf7+ Kc8 51. Rc7+ Kd8 52. Rxb7 Rxc5 53. Kh2 Rh5 54. Rg7 h6 55. Rf7 Ke8 56. Rf1 Kd7 57. Rd1 Kd8 58. d7 Re5 59. Kxh3 h5 60. Kh4 Rc5 61. Rd6 Rb5 62. Rh6 Kxd7 63. Rxh5 Rb6 64. Re5 Re6 65. Rxe6 Kxe6 66. Kg5 Kf7 67. Kh6 Kg8 1-0

[Event "HUN-chT2 Maroczy 0506"]
[Site "Hungary"]
[Date "2006.04.23"]
[Round "11"]
[White "Suto, Gabor"]
[Black "Egedi, Istvan"]
[Result "1/2-1/2"]
[WhiteElo "2272"]
[BlackElo "2315"]
[PlyCount "40"]
[EventDate "2005.10.16"]
[EventType "team-tourn"]
[EventRounds "11"]
[EventCountry "HUN"]
[SourceTitle "EXT 2009"]
[Source "ChessBase"]
[SourceDate "2008.11.26"]
[SourceVersion "1"]
[SourceVersionDate "2008.11.26"]
[SourceQuality "1"]
[WhiteTeam "Sarospatak"]
[BlackTeam "Dunaharaszti"]
[WhiteTeamCountry "HUN"]
[BlackTeamCountry "HUN"]

1. d4 Nf6 2. Nf3 e6 3. g3 d5 4. Bg2 Nbd7 5. c4 c6 6. Nbd2 Bd6 7. 0-0 0-0 8. Qc2 Re8 9. e4 Nxe4 10. Nxe4 dxe4 11. Qxe4 e5 12. Bg5 f6 13. Bd2 exd4 14. Qxd4 Be5 15. Nxe5 Nxe5 16. Qxd8 Rxd8 17. Ba5 b6 18. Bc3 Nxc4 19. Bxc6 Rb8 20. Rfd1 Be6 1/2-1/2